Normal view
MARC view
- STEEL QUENCHING CONGRESS ACC NO-26112
Entry Topical Term
001 - CONTROL NUMBER
- control field: 63103
003 - CONTROL NUMBER IDENTIFIER
- control field: NUST
005 - DATE AND TIME OF LATEST TRANSACTION
- control field: 20210628203048.0
008 - FIXED-LENGTH DATA ELEMENTS
- fixed length control field: 210628|| aca||aabn | a|a d
040 ## - CATALOGING SOURCE
- Original cataloging agency: NUST
- Transcribing agency: NUST
150 ## - HEADING--TOPICAL TERM
- Topical term or geographic name entry element: STEEL QUENCHING CONGRESS ACC NO-26112
670 ## - SOURCE DATA FOUND
- Source citation: Work cat.: (NUST): Ruddle, G. , Graeley, A. F 63102, Accelerated cooling of rolled steel , proceeding of the international symposium at canada on august 24-25, 1987, 1988
